Name that American fish! - Statistics

General Stats
  • This quiz has been taken 5 times
  • The average score is 13 of 16
Answer Stats
Picture Answer % Correct
alligator gar
100%
black crappie
100%
channel catfish
100%
common carp
100%
crawfish
100%
flathead catfish
100%
largemouth bass
100%
smallmouth bass
100%
bluegill
67%
bowfin
67%
musky
67%
northern pike
67%
paddle fish
67%
whiper
67%
white bass
67%
greater red horse
33%
No matching quizzes found
Score Distribution
Percent of People with Each Score
Percentile by Number Answered
Your Score History
You have not taken this quiz